000 012840000a22002050004500
020 _a958-04-2983-9
041 0 _aSPA
082 0 4 _aG 179 V444o
245 1 0 _aLas mujeres en la historia de Colombia. Tomo III : Mujeres y cultura / Magdala Velásquez Toro, Consejería Presidencial Para la Política Social
260 _aBogotá, Colombia : Norma
300 _a413 Pag.
440 0 _aColección Vitral
505 0 0 _amujer y código simbólico -- las mujeres en la literatura colonial -- sexualidad y cultura femenina en Colombia -- el mundo colonial y las mujeres -- historia de un amor lesbiano en Colombia -- el espíritu de las modas femeninas del siglo XIX -- mujeres en la literatura del siglo XX -- escritoras Colombianas del siglo XX -- las mujeres y la poesía -- las mujeres y el arte en Colombia -- imágenes de la mujer en el arte Colombiano -- el ideal femenino del siglo XIX en Colombia -- las mujeres en la historia de la educación -- publicaciones periódicas dirigidas a la mujeres en Colombia, 1858-1930 -- vida privada en el siglo XIX
650 1 4 _aMUJERES - COLOMBIA - HISTORIA \ MUJERES EN LA LITERATURA
001 1378
942 _cBK
999 _c32701
_d32701
336 _atexto
_btxt
_2rdacontent
337 _2rdamedia
_asin mediación
_bn
338 _2rdacarrier
_avolumen
_bnc